00469cam a22001337a 4500008004000000082001300040245013800053260002400191300001000215650002400225650005200249700001900301700001500320180718b1993 xxu||||| |||| 00| 0 eng d aT39 D921 aDunkel report on the Uruguay round on multilateral trade negotiations : text and implicationscedited by Anil Kumar and Sunil K. Garg aDelhibAnupamc1993 a334p. aInternational Trade aGeneral Agreement on Trde and Tarriffs ( GATT ) aGarg, Sunil K. aAnil Kumar